000 00306nam a22001337a 4500
008 170922b xxu||||| |||| 00| 0 eng d
020 _a0226854566
041 _aeng
080 _a37
100 _a46
101 _aEDU
245 _aTHE EMERGENCE OF THE AMERICAN UNIVERSITY
_cVEYSEY,L.R
942 _2udc
_cBK
999 _c28995
_d28995